| Tag |
First Indicator |
Second Indicator |
Subfields |
| LEADER |
00000cam a22000001a 4500 |
| 001 |
in00003419521 |
| 006 |
m d f |
| 007 |
cr bn mmmapmmp |
| 008 |
101220s2007 dcu o f000 0 eng d |
| 005 |
20260430211741.7 |
| 035 |
|
|
|a cis2007862789
|
| 040 |
|
|
|a ProQuest
|c ProQuest
|d UtOrBLW
|
| 043 |
|
|
|a n-us---
|
| 099 |
|
|
|a CRS-2007-RSI-0934
|
| 110 |
2 |
|
|a Library of Congress.
|b Congressional Research Service.
|
| 245 |
1 |
0 |
|a Conservation and the 2007 Farm Bill.
|
| 264 |
|
1 |
|a [Place of publication not identified] :
|b [publisher not identified],
|c 2007.
|
| 300 |
|
|
|a 1 online resource.
|
| 336 |
|
|
|a text
|b txt
|2 rdacontent
|
| 337 |
|
|
|a computer
|b c
|2 rdamedia
|
| 338 |
|
|
|a online resource
|b cr
|2 rdacarrier
|
| 500 |
|
|
|a Record is based on bibliographic data in ProQuest U.S. Congressional Research Digital Collection (last viewed Dec. 2010). Reuse except for individual research requires license from ProQuest, LLC.
|
| 500 |
|
|
|a CRS Report.
|
| 520 |
|
|
|a Discusses issues influencing development of the conservation title of the 2007 farm bill. Reviews Congressional activities, outlines Administration proposal, and summarizes provisions of other selected legislative proposals.
|
| 500 |
|
|
|a Electronic resource.
|
| 650 |
|
0 |
|a Agriculture and state.
|
| 650 |
|
0 |
|a Conservation of natural resources.
|
| 650 |
|
0 |
|a Farms.
|
| 655 |
|
7 |
|a Electronic books.
|2 local
|
| 710 |
2 |
|
|a ProQuest (Firm)
|
| 776 |
0 |
8 |
|i Microfiche version:
|a Library of Congress. Congressional Research Service.
|t Conservation and the 2007 Farm Bill
|
| 830 |
|
0 |
|a U.S. Congressional Research.
|
| 856 |
4 |
0 |
|u http://proxy.library.tamu.edu/login?url=https://congressional.proquest.com/congcomp/getdoc?CRDC-ID=CRS-2007-RSI-0934
|z Connect to the full text of this electronic book
|t 0
|
| 999 |
|
|
|a MARS
|
| 999 |
f |
f |
|s d0f5d762-3648-37a5-8290-7afac80fd952
|i bd9522e5-7953-333a-8c5d-b90f10e801c9
|t 0
|
| 952 |
f |
f |
|a Texas A&M University
|b College Station
|c Electronic Resources
|s www_evans
|d Available Online
|t 0
|e CRS-2007-RSI-0934
|h Other scheme
|
| 998 |
f |
f |
|a CRS-2007-RSI-0934
|t 0
|l Available Online
|